000 00826nam a2200229Ia 4500
001 14862
003 GE_BSU
008 181216s||||||||xx |||||||||||||| ||und||
040 _cGE_BSU
080 _a517.44(083.4)
100 _aБейтмен,Г. Эрдейи, А.
245 _aТаблицы интегральных преобразовании. т.1 Преобразование Фурье,Лапласа,Меллина
245 _cПер. с англ. Н.Я.Виленкина
260 _aМосква
260 _bНаука
260 _c1969
300 _a343стр.22см.
300 _eУказатель стр.338-341
653 _aПреобразование Фурье,Лапласа,Меллина
653 _aТаблицы интегральных преобразовании.
942 _cBK
999 _c47984
_d47984